000 00675nam a2200205 a 4500
005 20240426063737.0
008 991125s1974 ag 000 0 spa u
020 _a950582115
035 _aUPN01000004723
049 _aCG
050 4 _aHV721
_bA74 1957
245 0 0 _aAsistencia a los niños en instituciones :
_breproducción de un estudio de las Naciones Unidas, publicación ST-SOA-31, Nueva york, 1957.
250 _a3a ed.
260 _aBuenos Aires :
_bHvmanitas,
_c1974.
300 _a81 p.
440 0 _aCuadernos de servicio social ;
_v4
650 4 _aNIÑOS -
_xASISTENCIA INSTITUCIONAL
650 4 _aNiños
_xBeneficencia, protección, etc.
_925
905 _aLibro
999 _c4723
_d4723